| 000 | 00376nam a22001457a 4500 | ||
|---|---|---|---|
| 082 |
_aH100 9 _bASA/K |
||
| 100 | _aAsa Devi | ||
| 245 |
_aKeral Ki Hindi kavitha samvedana aur silp/ _cby Asa Devi |
||
| 260 |
_aMadhura: _bJawahar Pusthakalay, _c2016. |
||
| 300 | _a464p. | ||
| 650 | _aPoetry Hindi Criticism | ||
| 650 | _aLiterature Hindi | ||
| 650 | _aLiterature | ||
| 942 | _cBK | ||
| 999 |
_c69471 _d69471 |
||